Mesure de la santé et maladie de la mesure : le contrôle des corps dans une usine de production automobile (notice n° 1596833)
[ vue normale ]
| 000 -LEADER | |
|---|---|
| fixed length control field | 02068cam a2200181 4500500 |
| 005 - DATE AND TIME OF LATEST TRANSACTION | |
| control field | 20251228074116.0 |
| 041 ## - LANGUAGE CODE | |
| Language code of text/sound track or separate title | fre |
| 042 ## - AUTHENTICATION CODE | |
| Authentication code | dc |
| 100 10 - MAIN ENTRY--PERSONAL NAME | |
| Personal name | Dubreuil, François |
| Relator term | author |
| 245 00 - TITLE STATEMENT | |
| Title | Mesure de la santé et maladie de la mesure : le contrôle des corps dans une usine de production automobile |
| 260 ## - PUBLICATION, DISTRIBUTION, ETC. | |
| Date of publication, distribution, etc. | 2011.<br/> |
| 500 ## - GENERAL NOTE | |
| General note | 33 |
| 520 ## - SUMMARY, ETC. | |
| Summary, etc. | RésuméCet article tente de montrer comment une organisation industrielle se saisit de la question de la santé des salariés, en appliquant des procédures de mise sous contrôle proches de celles utilisées pour la qualité. Comme dans le cas de la qualité totale, la traçabilité des atteintes à la santé sert à la fois l’amélioration continue et l’attribution de responsabilité. Comme dans le cas de la qualité totale, les procédures réduisent la liberté d’interprétation des opérateurs et contraignent leurs marges d’action, de façon à permettre la garantie par les concepteurs de niveaux de qualité/santé. Or, la santé n’est-ce pas, aussi, disposer d’une capacité d’action sur son environnement ? |
| 520 ## - SUMMARY, ETC. | |
| Summary, etc. | This article sets out to show how an industrial organisation deals with the health of its staff through the application of control procedures that are similar to those used in quality control. In line with a “total quality” approach, the traceability of work-related injuries and ill health contributes to continuous improvement and the delegation of responsibility. In addition, with a “total quality” approach, procedures reduce the freedom of operators to interpret their role and restrict their room for manœuvre, hence ensuring that those who design quality/health standards can guarantee these standards. And should being healthy not also mean having the ability to do something about your environment ? |
| 700 10 - ADDED ENTRY--PERSONAL NAME | |
| Personal name | Gautier, Benoît |
| Relator term | author |
| 786 0# - DATA SOURCE ENTRY | |
| Note | Sociologies pratiques | 22 | 1 | 2011-04-01 | p. 63-78 | 1235-9278 |
| 856 41 - ELECTRONIC LOCATION AND ACCESS | |
| Uniform Resource Identifier | <a href="https://shs.cairn.info/revue-sociologies-pratiques-2011-1-page-63?lang=fr&redirect-ssocas=7080">https://shs.cairn.info/revue-sociologies-pratiques-2011-1-page-63?lang=fr&redirect-ssocas=7080</a> |
Pas d'exemplaire disponible.




Réseaux sociaux